Differenciaľnyje uravnenija s častnymi proizvodnymi : Trudy meždunarodnoj konferencii

Guardado en:
Detalles Bibliográficos
Formato: Libro
Lenguaje:ruso
Publicado: Novosibirsk : Nauka, 1986
Materias:
Etiquetas: Agregar Etiqueta
Sin Etiquetas, Sea el primero en etiquetar este registro!

MARC

LEADER 00000nam a22000003a 4500
001 stu35533
005 20141122054559.0
008 920427s1986----xxr-----------------rus-d
040 |a STU  |b slo 
041 0 |a rus 
044 |a xxr 
080 |a 517.958 
245 |a Differenciaľnyje uravnenija s častnymi proizvodnymi :  |b Trudy meždunarodnoj konferencii 
260 |a Novosibirsk :  |b Nauka,  |c 1986 
300 |a 224 s 
650 7 |a rovnice diferenciálne  |2 stusub 
996 |b 284M061962  |c M*611-1  |l MMKN  |s A  |a 24  |w stu35533_0001